Culturas bananeras produccin̤, consumo y transformaciones socioambientales /

Detalles Bibliográficos
Autor principal: Soluri, John
Formato: eBook
Lenguaje:español
Publicado: Bogot:̀ Siglo del Hombre Editores, 2013
Materias:
Acceso en línea:Acceso restringido

MARC

LEADER 00000nam a22000007a 4500
005 20210430203825.0
007 cr|||| ||||
008 210430s2013 co |||||s|||| 00||0 spa d
020 |a 978-958-665-241-4 
035 |a 33202 
040 |a vLex 
090 |c 11570  |d 11570 
100 1 |a Soluri, John 
245 1 0 |a Culturas bananeras  |h [Recurso electrn̤ico] :  |b produccin̤, consumo y transformaciones socioambientales /  |c John Soluri 
256 |a Servicio en ln̕ea 
260 |a Bogot:̀  |b Siglo del Hombre Editores,  |c 2013 
300 |a 1 recurso electrn̤ico 
500 |a El poder discursivo de la metf̀ora -repb︢lica bananera- hace fc̀il pasar por alto las diversas maneras en las que el monopolio capitalista dentro de los Estados Unidos dio forma a la historia del comercio del banano en el siglo XX. Siguiendo al banano en su viaje internacional, John Soluri cruza, en esta obra, los lm̕ites de varios campos acadm̌icos para escribir una historia enriquecida por las perspectivas de bil̤ogos y geg̤rafos, adems̀ de historiadores culturales, ambientales y sociales e incorpora una amplia gama de fuentes al incluir datos de censos manuscritos de Honduras, expedientes de las compaą̕s fruteras, investigaciones cientf̕icas publicadas e inďitas. 
506 1 |a Disponible solo en los productos indicados  |d vLex Global  |d vLex Global (Academic Edition, excluding Law Schools)  |d vLex Global (U.S. Academic Edition, Law Schools)  |d vLex Global (U.S. Academic Edition, excluding Law Schools)  |d vLex Global (Academic Edition, Law Schools) 
650 0 4 |a Ciencias sociales  |z Colombia 
650 0 4 |a Humanidades  |z Colombia 
740 0 |a vLex Libros (Servicio en ln̕ea) 
856 4 0 |u https://vlex.com/source/culturas-bananeras-produccion-consumo-y-transformaciones-socioambientales-33202  |z Acceso restringido 
942 |c BOOK 
999 0 |a Social Sciences 
999 0 |a Humanities